000 01419cam a22004454i 4500
003 PE-LiUPU
005 20250731173100.0
008 150623s r 000 0 d
020 _a0800616944
035 _a(Sirsi) i9780800616946
040 _aPE-LiUPU
_bspa
_cPE-LiUPU
_erda
049 _aPRUA
082 0 4 _a262
_bJ67
_221
100 1 _aJohnson, Luke Timothy,
_eautor.
245 1 0 _aDecision making in the church :
_ba biblical model /
_cLuke Timothy Johnson.
264 1 _aPhiladelphia, PH :
_bFortress Press,
_c1983.
300 _a109 páginas ;
_c21 centímetros
336 _atext
_2rdacontent
337 _aunmediated
_2rdamedia
338 _avolume
_2rdacarrier
505 0 _aDefinitions. -Difficulties. -Decisions. -Discernment.
526 _aSEG42
526 _aSEG41
526 _aSEG40
526 _aSEG39
526 _aP94
526 _aP87
526 _aP86
526 _aP85
526 _aP77
526 _aP76
526 _aP35
650 0 4 _aIglesia
_vEnsayos.
942 _2ddc
_cBOOK
949 _a262 J67
_wDEWEY
_c1
_i48831
_lCCODEBUL1
_mBUL
_r0
_sY
_tBOOK
_u2015-6-24
_xTEOLOGIA
_PP35
_0COMPRA
_o.STAFF. Colección General
994 _aC0
_bPEPRU
596 _a1
999 _a262 J67
_wDEWEY
_c27992
_i48831
_f2021-11-10
_g5
_lCCODEBUL1
_mBUL
_r0
_sY
_tBOOK
_u2015-6-24
_xTEOLOGIA
_PP35
_0COMPRA
_o.STAFF. Colección General
_d27992
980 _81
_gALBERTO SANCHEZ Responsable de Automatización